Sportowi Kosmici Wiedza Ogólna cz.1 - Statystyki

Ogólne statystyki
  • Ten quiz został rozwiązany 123 razy
  • Średni wynik to 4 z 18
Statystyki odpowiedzi
Zagadnienie Odpowiedź % Poprawnych
W ilu klubach grał Zlatan Ibrahimović ? 9
67%
Jaki pseudonim na plecach koszulki BOCA Juniors posiada Carlos Tevez ? Carlitos
67%
Który z tych zawodników strzelił więcej bramek w Premier League? Jamie Vardy
67%
"Derby della Madonnina" to inaczej derby: Mediolanu
67%
Jaki zawodnik posiada najwięcej występów w historii Serie A ? Gianluigi Buffon
33%
Który europejski klub ma ma na koncie najwięcej mistrzostw swojego kraju ? Glasgow Rangers
33%
Który z tych polaków w latach 1978-1981 grał w Manchesterze City ? Kazimierz Deyna
33%
Jakie drużyny dotarły do półfinału Euro 2008, ale nie przeszły do finału ? Rosja, Turcja
33%
Jakiemu klubowi Leo Messi strzelił najwięcej bramek ? Sevilla FC
33%
Ile klubów zdołało wygrać Ligę NOS(portugalską)? 5
0%
Jaki klub ma najwięcej mistrzostw Francji ? AS Saint-Etienne
0%
W jakim klubie Eredivisie oprócz Ajaxu występował Johan Cruyff? Feyenoord
0%
Który z tych klubów nigdy nie był mistrzem Polski ? Jagiellonia Białystok
0%
Tylko jeden zawodnik oprócz Roberta Lewandowskiego zdobył tryplet przy tym bedąc królem strzelców w każdej z tych rozgrywek. Kto ? Johan Cruyff
0%
W którym z tych klubów nie występował Pierre-Emerick Aubameyang Olympique Lyon
0%
Jaki jest najstarszy polski klub ? Wisła Kraków
0%
Jaki zespół wygrał Bundesligę w sezonie 2008/09 ? Wolfsburg
0%
W sezonie 2015/2016 roku w finale Ligi Mistrzów Real Madryt po rzutach karnych pokonał Atletico. Kto strzelał bramki w reulaminowym czasie gry ? Yannick Carrasco, Sergio Ramos
0%
Nie znaleziono quizów pasujących do podanych kryteriów
Rozkład punktacji
Procent ludzi z każdym wynikiem
Percentyl według liczby udzielonych odpowiedzi
Twoja historia wyników
Nie rozwiązałeś tego quizu